00489nam a22001217a 4500008004100000020001500041050002200056245018500078260004300263300002300306440002200329700001600351140822b xxu||||| |||| 00| 0 eng d a0406091668 aKD275.4.L39(1891) aThe Law Reports of the Incorporated Council of Law Reporting, Appeal Cases(1891): House of Lords, Judicial Committee of the Privy Council and Peerage Cases. /cedited by A.P. Stone aLondon:bButterworth & Co. Ltd,c1891. axiii, 684p.c24cm. pAppeal cases 1891 aStone, A.P.